Normal view
MARC view
Entry Personal Name
001 - CONTROL NUMBER
- control field: 1239732
003 - CONTROL NUMBER IDENTIFIER
- control field: OSt
005 - DATE AND TIME OF LATEST TRANSACTION
- control field: 20260514122617.0
008 - FIXED-LENGTH DATA ELEMENTS
- fixed length control field: 260514|| aca||aabn | a|a d
040 ## - CATALOGING SOURCE
- Original cataloging agency: OSt
- Transcribing agency: OSt
100 ## - HEADING--PERSONAL NAME
- Personal name: Dr.S S Sidhu
670 ## - SOURCE DATA FOUND
- Source citation: Work cat.: (OSt)1851540: Achanti Dr.Hari Prasad 1239731, Comparative Study Between Efficacy of Vacuum Assisted Closure and Hydrocolloid Dressing in Wound Healing.
